Sayang-sayang nabi : (Record no. 133135)

MARC details
000 -LEADER
fixed length control field 00835nam a2200289 i 4500
001 - CONTROL NUMBER
control field C2-0334700
003 - CONTROL NUMBER IDENTIFIER
control field PPAK
005 - DATE AND TIME OF LATEST TRANSACTION
control field 20180728134435.0
008 - FIXED-LENGTH DATA ELEMENTS--GENERAL INFORMATION
fixed length control field 151111s2011 my a|||| ||||| | may d
020 ## - INTERNATIONAL STANDARD BOOK NUMBER
International Standard Book Number 9789670604220
040 ## - CATALOGING SOURCE
Original cataloging agency PPAK
Language of cataloging eng
Transcribing agency PPAK
Description conventions rda
082 04 - DEWEY DECIMAL CLASSIFICATION NUMBER
Classification number 297.63
Edition number 23
090 00 - LOCALLY ASSIGNED LC-TYPE CALL NUMBER (OCLC); LOCAL CALL NUMBER (RLIN)
Classification number (OCLC) (R) ; Classification number, CALL (RLIN) (NR) 297.63
Feature heading SAY
Feature heading K
245 00 - TITLE STATEMENT
Title Sayang-sayang nabi :
Remainder of title riwayat hidup Nabi Muhammad SAW. 2
250 ## - EDITION STATEMENT
Edition statement Edisi Kedua
264 #1 - PRODUCTION, PUBLICATION, DISTRIBUTION, MANUFACTURE, AND COPYRIGHT NOTICE
Place of production, publication, distribution, manufacture Kuala Lumpur :
Name of producer, publisher, distributor, manufacturer Ana Muslim ,
Date of production, publication, distribution, manufacture, or copyright notice 2011
300 ## - PHYSICAL DESCRIPTION
Extent 82 pages :
Other physical details colour illustrations ;
Dimensions 26 cm
336 ## - CONTENT TYPE
Source rdacontent
Content type term text
337 ## - MEDIA TYPE
Source rdamedia
Media type term unmediated
338 ## - CARRIER TYPE
Source rdacarrier
Carrier type term volume
490 1# - SERIES STATEMENT
Series statement Siri Bacaan Ana Muslim
500 ## - GENERAL NOTE
General note 7-10 Tahun
650 10 - SUBJECT ADDED ENTRY--TOPICAL TERM
Topical term or geographic name entry element Muhammad, Prophet, -632.
700 0# - ADDED ENTRY--PERSONAL NAME
Personal name Razlinda Radzuan,
Relator term editor
830 #0 - SERIES ADDED ENTRY--UNIFORM TITLE
Uniform title Siri Bacaan Ana Muslim
942 ## - ADDED ENTRY ELEMENTS (KOHA)
-- dc
Koha item type Book
Holdings
Withdrawn Not for loan Current library Shelving location Date acquired Full call number Barcode Date last seen Koha item type Total Checkouts Total Renewals Checked out Date last checked out
    Perpustakaan Alor Setar Pinjaman Kanak-kanak 22/11/2015 K 297.63 SAY A01473194 09/05/2018 Book        
    Perpustakaan Awam Sungai Petani Pinjaman Kanak-kanak 22/11/2015 K 297.63 SAY A01473195 06/03/2023 Book 15 3 27/03/2023 06/03/2023
    Perpustakaan Bandar Baharu Pinjaman Kanak-kanak 22/11/2015 K 297.63 SAY A01473200 22/08/2024 Book 3     15/08/2024
    Perpustakaan Jitra Pinjaman Kanak-kanak 22/11/2015 K 297.63 SAY A01473197 23/06/2025 Book 8 2   01/06/2025
    Perpustakaan Kulim Pinjaman Kanak-kanak 22/11/2015 K 297.63 SAY A01473198 24/05/2025 Book 15 3   10/05/2025
    Perpustakaan Langkawi Pinjaman Kanak-kanak 22/11/2015 K 297.63 SAY A01473196 21/02/2021 Book 2     19/01/2021
    Perpustakaan Merbok Pinjaman Kanak-kanak 22/11/2015 K 297.63 SAY A01473199 30/11/2023 Book 1     26/05/2019
    Perpustakaan Sik Pinjaman Kanak-kanak 22/11/2015 K 297.63 SAY A01473201 10/05/2026 Book 2 1 02/06/2026 10/05/2026